000 00780nam a2200241 a 4500
001 000015893
003 DO-SdBNP
005 20211202121737.0
008 100222s1924 dr r 001 0 spa d
040 _aDO-SdBNP
_bspa
_cBNPHU
082 4 _a342.729302
_bR426c,1924
_222
110 2 _aRepública Dominicana.
_9447
240 1 0 _aConstitución (1924)
245 1 0 _aConstitución de la República Dominicana, 1924.
250 _aEdición oficial
260 _a[Santo Domingo :
_bJ. R. vda. García],
_c1924.
300 _a27 p. ;
_c24 cm.
590 _aInventariado, 2019/VM
651 4 _aRepública Dominicana
_xConstitución (1924)
_935774
651 4 _aRepública Dominicana
_zDerecho constitucional
_9449
910 _aValidado. Control de calidad EMS
942 _2ddc
_cLBS1
999 _c15435
_d15435